书目信息 |
| 题名: |
图书馆建筑设计手册
|
|
| 作者: | 鲍家声 主编 | |
| 分册: | ||
| 出版信息: | 北京 中国建筑工业出版社 2004.12 |
|
| 页数: | 361页 | |
| 开本: | 26cm | |
| 丛书名: | 现代建筑设计系列手册 | |
| 单 册: | ||
| 中图分类: | TU242.3-62 | |
| 科图分类: | ||
| 主题词: | 民用建筑--建筑设计 | |
| 电子资源: | ||
| ISBN: | 7-112-06761-8 | |
| 000 | 00670nam0 2200217 450 | |
| 001 | 0542086168 | |
| 005 | 20050617163914.91 | |
| 010 | @a7-112-06761-8@dCNY 63.00 | |
| 100 | @a20050608d2004 km y0chiy0120 ea | |
| 101 | 0 | @achi |
| 102 | @aCN@b110000 | |
| 200 | 1 | @a图书馆建筑设计手册@Atu shu guan jian zhu she ji shou ce@f鲍家声主编@Fbao jia sheng zhu bian |
| 210 | @a北京@c中国建筑工业出版社@d2004.12 | |
| 215 | @a361页@d26cm | |
| 225 | 2 | @a现代建筑设计系列手册 |
| 410 | 0 | @12001 @a现代建筑设计系列手册 |
| 606 | 0 | @a民用建筑@x建筑设计 |
| 690 | @aTU242.3-62@v4 | |
| 701 | 0 | @a鲍家声@Abao jia sheng@4主编 |
| 801 | 0 | @aCN@bPFT@c20050617 |
| 905 | @a10447@dTU242.3-62@eB298 | |
| 图书馆建筑设计手册/鲍家声主编.-北京:中国建筑工业出版社,2004.12 |
| 361页;26cm.-(现代建筑设计系列手册) |
| ISBN 7-112-06761-8:CNY 63.00 |
| ● |
| 相关链接 |
|
|
|
正题名:图书馆建筑设计手册
索取号:TU242.3-62/B298
 
预约/预借
| 序号 | 登录号 | 条形码 | 馆藏地/架位号 | 状态 | 备注 |
| 1 | 526692 | 205266923 | 建筑库101/101建筑库 67排3列4层/ [索取号:TU242.3-62/B298] | 在馆 | |
| 2 | 526693 | 205266932 | 建筑库101/101建筑库 67排3列4层/ [索取号:TU242.3-62/B298] | 在馆 | |
| 3 | 536321 | 205363211 | 建筑库101/101建筑库 67排3列4层/ [索取号:TU242.3-62/B298] | 在馆 |